| 000 | 00584nam a2200193 a 4500 | ||
|---|---|---|---|
| 001 | 000009494 | ||
| 005 | 20240412074211.0 | ||
| 008 | 090930s1983 dr 000 0 spa d | ||
| 040 |
_aDO-SdBNP _bspa _cBNPHU |
||
| 082 |
_aRD861.44 _bA561g |
||
| 100 | 1 |
_aAndrés, José _918711 |
|
| 245 | 1 | 0 |
_aGeorge Steinbrenner y Costa Gavras / _cJosé Andrés. |
| 260 |
_aSanto Domingo : _bTele-3, _c1983. |
||
| 300 |
_a61 p. ; _c20 cm. |
||
| 590 | _aInventariado, 2018/VM | ||
| 650 | 0 |
_aPoesía dominicana _966 |
|
| 650 | 0 |
_aLiteratura dominicana. _967 |
|
| 910 | _aValidado. Control de calidad BNPHU | ||
| 999 |
_c9254 _d9254 |
||